000 00933cam a22002773a 4500
001 7882
003 PGUSA
005 20140828083150.0
008 050401s2005||||xxu|||||s|||||000 | eng d
040 _aPGUSA
_beng
042 _adc
050 4 _aF590.3
100 1 _aEllis, Edward Sylvester,
_d1840-1916
245 1 4 _aThe Life of Kit Carson :
_bHunter, Trapper, Guide, Indian Agent and Colonel U.S.A.
_h[electronic resource] /
_cEdward Sylvester Ellis
260 _bProject Gutenberg,
_c2005
506 _aPublic domain in the USA.
516 _aElectronic text
653 _aScouting (Reconnaissance) -- West (U.S.) -- Biography
653 _aSoldiers -- West (U.S.) -- Biography
653 _aPioneers -- West (U.S.) -- Biography
653 _aWest (U.S.) -- History -- To 1848
653 _aCarson Kit, 1809-1868
830 0 _aProject Gutenberg
_v7882
856 4 0 _uhttp://www.gutenberg.org/ebooks/7882
942 _cEB
999 _c237182
_d237182